000 00312nam a22001337a 4500
999 _c32268
_d32268
003 Nust
005 20170124102948.0
008 170124b xxu||||| |||| 00| 0 eng d
020 _a8131200027
040 _cC
082 _a610.28
100 _aEnderle
245 _aINTRODUCTION TO BIOMEDICAL ENGINEERING
250 _a2nd ed.
260 _aNew Delhi :
_bAcademic,
_c2005.
300 _a1118 p. ;
_c24 cm.
500 _apaperback.
942 _cBK
_2ddc